00433nam a2200109Ia 4500008004100000020002200041041001200063100003000075245005300105260003200158650013300190231221s9999 xx 000 0 und d a978-1-4614-1469-8 aEnglish aLiming Dai, Reza N. Jazar 0aNonlinear Approaches in Engineering Applications c2012bSpringer USaNew York aVibration, Dynamical Systems, Control; Control, Robotics, Mechatronics; Calculus of Variations and Optimal Control; Optimization